000 01060nam a22002537a 4500
005 20170124103054.0
010 _aB-081680
020 _c150.00
035 _aB-081680
037 _bCen Lib/Ret
040 _aDPL
_bHN
082 _a
_bसत्येन
100 _aसत्येन कुमार
_971285
245 _aनदी को याद नहीं /
_cसत्येन कुमार
246 _aNadi ko yaad nahin /
_bby Satyen Kumar
260 _aनई दिल्ली
_bराजकमल प्रकाशन
_c1998
270 _a1-बी, नेताजी सुभाष मार्ग, दरियागंज
_bनई दिल्ली
_e110002
300 _a284पृ.
_c20सेमी (सजिल्द)
650 _a हिन्दी साहित्य
_971286
650 _a हिन्दी साहित्य -- उपन्यास
_946379
650 _aHindi literature
_971287
650 _aHindi literature -- Fiction
_971288
942 _2ddc
_cHN
_h
_mसत्येन
999 _c117307
_d117307